Southville International School and Colleges
Your cart is empty.
  • Cart
  • Lists
    Public lists Eva Luna New books Lux_list list_1
    Your lists Log in to create your own lists
  • Log in to your account
  • Your cookies
  • Search history
Southville International School and Colleges
  • Advanced search
  • Recent comments
  • Most popular
  • Libraries

Log in to your account

Log in with GOOGLE


If you do not have an external account, but do have a local account, you can still log in:

  1. Home
  2. MARC view: Jack and the beanstalk.
Normal view MARC view ISBD view

Jack and the beanstalk. (Record no. 111479)

[ view plain ]
MARC details
000 -LEADER
fixed length control field 00433nam a2200169 a 4500
001 - CONTROL NUMBER
control field 0047
005 - DATE AND TIME OF LATEST TRANSACTION
control field 20140414131916.0
008 - FIXED-LENGTH DATA ELEMENTS--GENERAL INFORMATION
fixed length control field 040202s19uu xx 00 eng d
020 ## - INTERNATIONAL STANDARD BOOK NUMBER
International Standard Book Number 983-9072-40-4
050 ## - LIBRARY OF CONGRESS CALL NUMBER
Classification number ER
Item number J12 1997
245 ## - TITLE STATEMENT
Title Jack and the beanstalk.
260 ## - PUBLICATION, DISTRIBUTION, ETC. (IMPRINT)
Name of publisher, distributor, etc Mecron,
Date of publication, distribution, etc 1997.
Place of publication, distribution, etc Kuala Lumpur, Malaysia :
300 ## - PHYSICAL DESCRIPTION
Extent 1 v. p. : ill. ; cm.
650 ## - SUBJECT ADDED ENTRY--TOPICAL TERM
Topical term or geographic name as entry element Folk tales.
650 ## - SUBJECT ADDED ENTRY--TOPICAL TERM
Topical term or geographic name as entry element Children stories.
Holdings
Withdrawn status Lost status Damaged status Use restrictions Home library Current library Shelving location Date acquired Source of acquisition Total Checkouts Full call number Barcode Date last seen Price effective from Koha item type
        Munich Library Munich Library Easy Reading Section 06/03/2004     ER J12 1997 M2214 04/14/2014 04/14/2014 Books

Jack and the beanstalk.

APA

(1997). Jack and the beanstalk. Kuala Lumpur, Malaysia: Mecron.

Chicago

1997. Jack and the beanstalk. Kuala Lumpur, Malaysia: Mecron.

Harvard

(1997). Jack and the beanstalk. Kuala Lumpur, Malaysia: Mecron.

MLA

Jack and the beanstalk. Kuala Lumpur, Malaysia: Mecron. 1997.

  • Place hold
  • Print
  • Cite
  • Add to your cart (remove)
  • Save record
    BIBTEX Dublin Core MARCXML MARC (non-Unicode/MARC-8) MARC (Unicode/UTF-8) MARC (Unicode/UTF-8, Standard) MODS (XML) RIS
  • More searches
    Search for this title in:
    Other Libraries (WorldCat) Other Databases (Google Scholar) Online Stores (Bookfinder.com) Open Library (openlibrary.org)

Exporting to Dublin Core...

SOUTHVILLE LIBRARY

Southville International School and Colleges Library

1281 Tropical Ave. Cor. Luxembourg St., BF Homes International, Las Pinas City

Tel. No. 8256374 / 252358 Loc. 117/146

Powered by Koha